Las hermanas alemanas

República Federal Alemana, año 1968. Las hijas de un sacerdote, Marianna y Julianne, dedican su vida a luchar para cambiar la sociedad, reivindicando, por ejemplo, la legalidad del aborto. Sin embargo, eligen caminos muy diferentes para conseguir sus objetivos: Julianne, que es reportera, sigue una...

Descripción completa

Guardado en:
Autor Principal: von Trotta, Margarethe.
Autor Corporativo: Bioskop FilM.
Otros Autores: Lampe, Jutta; Reparto., Sukowa, Barbara; Reparto., Vogler, Rüdiger; Reparto.
Formato: Deslizar
Idioma:Undetermined
Publicado: Alemania, 2018.
Materias:
Etiquetas: Agregar Etiqueta
Sin Etiquetas, Sea el primero en etiquetar este registro!
LEADER 01285ngm a22002415a 4500
001 CEM.cems021019
008 240412s2018####xx#---############vlund#d
005 20240412163908.0
245 1 0 |a Las hermanas alemanas  |h [videograbación] /  |c Margarethe von Trotta. 
260 |a Alemania,  |c 2018. 
300 |a 107'. 
538 |a Soporte: DVD - Formato: AVI - Peso:1.51gb - Resolución: 720 x 434 - 24fps 
500 |a Título original: Die bleierne Zeit - Idioma original: Alemán - Subtitulo: Español. 
590 |a Identificación anterior: 420 
520 |a República Federal Alemana, año 1968. Las hijas de un sacerdote, Marianna y Julianne, dedican su vida a luchar para cambiar la sociedad, reivindicando, por ejemplo, la legalidad del aborto. Sin embargo, eligen caminos muy diferentes para conseguir sus objetivos: Julianne, que es reportera, sigue una vía pacífica a través de la denuncia periodística. Marianna, en cambio, se une a una organización terrorista. 
100 1 |a von Trotta, Margarethe. 
700 1 |a Lampe, Jutta; Reparto. 
700 1 |a Sukowa, Barbara; Reparto. 
700 1 |a Vogler, Rüdiger; Reparto. 
710 2 |a Bioskop FilM. 
653 |a LARGOMETRAJE 
653 |a FICCION 
859 |a CEMS  |b BIB. CEMS - Depto. Recursos Didacticos  |h 778.5  |i TRO  |k DRD  |p 3353.24  |t Ej.1